| 000 | 00335nam a22001337a 4500 | ||
|---|---|---|---|
| 020 | _aNA | ||
| 082 |
_222 _a621.38153 |
||
| 100 | _aSedra adel S smith kenneeth c. | ||
| 245 | _aMicroelectonic circuits / | ||
| 250 | _a2nd | ||
| 260 |
_aCBS College Publishing, _bCBS College Publishing, |
||
| 300 |
_a963 p,; _bNA _c24cm. |
||
| 942 |
_2ddc _cEE |
||
| 999 |
_c2136 _d2136 |
||